| 000 | 00000nam 22000008a 4500 |
| 001 | 9.840628 |
| 003 | CaOODSP |
| 005 | 20221107151906 |
| 007 | cr ||||||||||| |
| 008 | 170728s2017 quc o f100 0 eng d |
| 020 | |a978-0-660-09223-2 |
| 040 | |aCaOODSP|beng |
| 043 | |an-cn--- |
| 086 | 1 |aTU4-30/2016E-PDF |
| 245 | 00|aTSB Transportation safety summit 2016 |h[electronic resource] : |bproceedings. |
| 246 | 1 |iAlternate title: |aTransportation Safety Board of Canada transportation safety summit 2016: |bproceedings |
| 260 | |a[Gatineau, QC] : |bTransportation Safety Board of Canada, |c2017. |
| 300 | |aiii, 46 p. |
| 500 | |aIssued also in French under title: Sommet sur la sécurité des transports du BST 2016 : compte rendu. |
| 500 | |aCover title. |
| 504 | |aIncludes bibliographical references. |
| 520 | |a"This report provides a detailed account of the two-day Transportation Safety Board (TSB) Transportation Safety Summit, held in Ottawa on April 21-22, 2016. More than 70 senior executives and leaders representing operators, labour organizations, industry associations, and regulators attended the summit. Through a combination of presentations, expert panels, and facilitated working groups, the summit provided a forum to hear experiences and best practices and to exchange and challenge ideas about how to encourage information flow to improve safety."--Executive summary, p. ii. |
| 692 | 07|2gccst|aTransportation safety |
| 710 | 2 |aTransportation Safety Board of Canada. |
| 775 | 08|tSommet sur la sécurité des transports du BST 2016 |w(CaOODSP)9.840629 |
| 856 | 40|qPDF|s544 KB|uhttps://publications.gc.ca/collections/collection_2017/bst-tsb/TU4-30-2016-eng.pdf |